Multicentrism as an emerging paradigm in legal theory (Record no. 15894)

MARC details
000 -LEADER
fixed length control field 00732nam a2200229Ia 4500
008 - FIXED-LENGTH DATA ELEMENTS--GENERAL INFORMATION
fixed length control field 191130s2009##################000#0#eng##
020 ## - INTERNATIONAL STANDARD BOOK NUMBER
International Standard Book Number 9783631595633
022 ## - INTERNATIONAL STANDARD SERIAL NUMBER
International Standard Serial Number 2010288136
040 ## - CATALOGING SOURCE
Original cataloging agency ACL
Transcribing agency ACL
082 ## - DEWEY DECIMAL CLASSIFICATION NUMBER
Classification number 340.1094 ZIR
100 ## - MAIN ENTRY--PERSONAL NAME
Personal name Zirk-Sadowski, Marek
245 ## - TITLE STATEMENT
Title Multicentrism as an emerging paradigm in legal theory
Statement of responsibility, etc. Marek Zirk-Sadowski, Mariusz Golecki, Bartosz Wojciechowski (eds.)
260 ## - PUBLICATION, DISTRIBUTION, ETC.
Place of publication, distribution, etc. Bern
Name of publisher, distributor, etc. Peter Lang
Date of publication, distribution, etc. c2009
300 ## - PHYSICAL DESCRIPTION
Extent 309 p. ; 22 cm
500 ## - GENERAL NOTE
General note Includes bibliographical references
650 ## - SUBJECT ADDED ENTRY--TOPICAL TERM
Topical term or geographic name entry element Legal polycentricity - Europe
700 ## - ADDED ENTRY--PERSONAL NAME
Personal name Golecki, Mariusz J
Personal name Wojciechowski, Bartosz
990 ## - EQUIVALENCES OR CROSS-REFERENCES [LOCAL, CANADA]
Link information for 9XX fields 6eb85bb0ac10000c55428ff5ce190463
991 ## -
-- 312000
Holdings
Withdrawn status Lost status Materials specified (bound volume or other part) Damaged status Not for loan Home library Current library Shelving location Date acquired Total Checkouts Full call number Barcode Date last seen Price effective from Koha item type
    hbk     Anna Centenary Library Anna Centenary Library 4TH FLOOR, A WING 09.10.2020   340.1094 ZIR 216744 09.10.2020 09.10.2020 English Books

Find us on the map